| 000 | 01241nam a2200361 c 4500 | ||
|---|---|---|---|
| 999 |
_c50816 _d50816 |
||
| 001 | 50816 | ||
| 003 | ES-MaCES | ||
| 005 | 20180625134630.0 | ||
| 008 | 180625s2015 sp 000 | spa d | ||
| 017 | _aM 36032-2015 | ||
| 020 | _a9788460837510 | ||
| 040 |
_aES-MaCES _bspa _cES-MaCES |
||
| 245 | 0 | 3 |
_aLa innovación industrial clave para la economía española _b: análisis de cinco sectores maduros _cdir. y coord., Paloma Domingo García ... [et al.] |
| 260 |
_a[Madrid] _bForo de Empresas Innovadoras _c[2015] |
||
| 300 |
_a183 p. _bgráf. col. _c21 cm |
||
| 541 | _cGratuito | ||
| 650 | 4 |
_ainnovación _928230 |
|
| 650 | 4 |
_asector industrial _927618 |
|
| 650 | 4 |
_927623 _adesarrollo industrial |
|
| 650 | 4 |
_927093 _adesarrollo económico |
|
| 650 | 4 |
_927663 _aindustria de la alimentación |
|
| 650 | 4 |
_927786 _aindustria química |
|
| 650 | 4 |
_928826 _amar |
|
| 650 | 4 |
_927855 _aindustria de vehículos a motor |
|
| 650 | 4 |
_930281 _aedificios |
|
| 650 | 4 |
_927730 _aindustria de la construcción |
|
| 650 | 4 |
_926964 _aEspaña |
|
| 650 | 4 |
_930732 _aevaluación del impacto |
|
| 653 | 1 | 0 | _aIndustria-Energía |
| 700 | 1 |
_939168 _aDomingo García, Paloma _edir. y coord. |
|
| 902 | _aLIB Libro | ||
| 942 |
_2CES _cBK _h5.2. |
||